000 01362cgm a2200397Ia 4500
005 20260322212007.0
007 data
008 data
020 _a9781578398027
020 _a1578398029
028 4 0 _aVSNNRDVD-REV 2/07
_bHCPro
040 _aOMC
_cOMC
_dTEF
_dTEF
099 _aDVD WX 160 S774
245 1 0 _aStrengthening nurse-to-nurse relationships
_h[videorecording] :
_ba guide to ending horizontal hostility.
250 _a[Rev.]
260 _aMarblehead, MA :
_bHCPro,
_c2007.
300 _a1 videodisc (24 min.) :
_bsd., col. ;
_c4 3/4 in. +
_e1 instructional guide.
500 _aApproved for 1 nursing contact hr. of CE credit.
508 _aExecutive producer, Frank Morello.
520 _aExamines the nature and sources of hostility among nurses. Discusses communication skills and other remedies, as well as ways to improve the culture of nursing.
538 _aDVD.
650 0 _aNursing ethics.
650 0 _aViolence in the workplace.
650 0 _aEmployee morale.
650 0 _aCommunication in nursing.
650 0 _aInterpersonal relations.
650 0 _aNursing
_xSocial aspects.
650 2 _aCommunication.
650 2 _aHostility.
650 2 _aInterprofessional Relations.
650 2 _aNurses
_xpsychology.
650 2 _aOccupational Health.
650 2 _aSocial Behavior.
720 2 _aHCPro (Firm)
001 data
999 _c124
_d124